[Event "16th Dubai Open 2014"]
[Site "Dubai UAE"]
[Date "2014.04.12"]
[Round "6.10"]
[White "Balogh, Csaba"]
[Black "Shyam, Sundar M"]
[Result "1/2-1/2"]
[WhiteElo "2656"]
[BlackElo "2481"]
[PlyCount "108"]
[EventDate "2014.04.07"]

1. e4 c6 2. d4 d5 3. e5 Bf5 4. Nd2 e6 5. Nb3 Nd7 6. Nf3 Ne7 7. Be2 Nc8 8. O-O
Be7 9. Ne1 O-O 10. Bd3 Bg6 11. Bxg6 hxg6 12. Nd3 Ncb6 13. Qg4 Rc8 14. c3 Nc4
15. h4 c5 16. h5 gxh5 17. Qxh5 cxd4 18. cxd4 Rc6 19. Nf4 g6 20. Nxg6 fxg6 21.
Qxg6+ Kh8 22. f4 Bf6 23. exf6 Qxf6 24. Qh5+ Kg7 25. Rf3 Rh8 26. Rg3+ Kf8 27.
Qe2 Nd6 28. Bd2 Ne4 29. Re3 Qf5 30. Rf1 Ndf6 31. Nc5 Rc7 32. Bb4 Kg8 33. Rff3
Rch7 34. Rh3 Rxh3 35. Rxh3 Rxh3 36. gxh3 Qxh3 37. Be1 Nxc5 38. dxc5 Ne4 39. b4
Kf7 40. a4 Kf6 41. Qb2+ Kf7 42. Qe2 a6 43. Bf2 Nc3 44. Qe5 Qg4+ 45. Kf1 Qh3+
46. Kg1 Ne4 47. Bd4 Qg4+ 48. Kf1 Qd1+ 49. Kg2 Qg4+ 50. Kf1 Qd1+ 51. Kg2 Qe2+
52. Kg1 Qe1+ 53. Kg2 Qe2+ 54. Kg1 Qg4+ 1/2-1/2

[Event "16th Dubai Open 2014"]
[Site "Dubai UAE"]
[Date "2014.04.12"]
[Round "6.11"]
[White "Jones, Gawain C B"]
[Black "Debashis, Das"]
[Result "1/2-1/2"]
[WhiteElo "2650"]
[BlackElo "2504"]
[PlyCount "125"]
[EventDate "2014.04.07"]

1. c4 e5 2. Nc3 Nf6 3. g3 Nc6 4. Bg2 Bc5 5. Nf3 d6 6. O-O O-O 7. e3 Bg4 8. h3
Bh5 9. g4 Bg6 10. d4 Bb6 11. b3 Ne4 12. Na4 Qe7 13. Ba3 exd4 14. exd4 f5 15.
Bb2 fxg4 16. hxg4 Rf4 17. Nxb6 axb6 18. d5 Nb4 19. a3 Na6 20. Nd4 Nac5 21. f3
Ng5 22. Qd2 Nd3 23. Nf5 Rxf5 24. gxf5 Bxf5 25. Rae1 Nxe1 26. Rxe1 Qd8 27. Qd4
Qf8 28. f4 Nf7 29. Re3 Nh6 30. Rg3 Bg6 31. Bh3 Re8 32. Be6+ Rxe6 33. dxe6 Nf5
34. Qd5 Qe7 35. Rg5 c6 36. Qe4 Nh4 37. Qe3 Nf5 38. Qe1 Kf8 39. a4 Ke8 40. Bc3
d5 41. Qe5 Qc5+ 42. Kf1 dxc4 43. Qb8+ Ke7 44. Qxb7+ Kxe6 45. Qc8+ Ke7 46. Qc7+
Ke6 47. b4 Qd5 48. Kf2 Qd3 49. Qxc6+ Kf7 50. Qb7+ Kf8 51. Qc8+ Kf7 52. Qb7+ Kf8
53. Qb8+ Kf7 54. Qc7+ Kf8 55. Rxf5+ Bxf5 56. Qxg7+ Ke8 57. Qe5+ Kd7 58. Qg7+
Ke8 59. a5 Qc2+ 60. Kg3 Qd3+ 61. Kf2 Qc2+ 62. Kg3 Qd3+ 63. Kf2 1/2-1/2

[Event "16th Dubai Open 2014"]
[Site "Dubai UAE"]
[Date "2014.04.12"]
[Round "6.12"]
[White "Solak, Dragan"]
[Black "Ashwin, Jayaram"]
[Result "1/2-1/2"]
[WhiteElo "2635"]
[BlackElo "2454"]
[PlyCount "75"]
[EventDate "2014.04.07"]

1. e4 c5 2. Nf3 e6 3. d4 cxd4 4. Nxd4 Nc6 5. Nc3 Qc7 6. Be3 a6 7. Qd2 Nf6 8. f4
Bb4 9. Bd3 b5 10. a3 Be7 11. Nxc6 dxc6 12. e5 Ng4 13. Bg1 Bb7 14. Qe2 Nh6 15.
O-O-O c5 16. Be4 O-O 17. Bxb7 Qxb7 18. Ne4 Rfc8 19. Bf2 b4 20. axb4 cxb4 21.
Kb1 a5 22. Nd6 Bxd6 23. exd6 Rc6 24. Rd3 Qd7 25. Rhd1 Raa6 26. g4 f6 27. f5 e5
28. g5 Nf7 29. gxf6 Rxd6 30. Rg1 Rxd3 31. Rxg7+ Kh8 32. Rxh7+ Kxh7 33. Qh5+ Nh6
34. Qg6+ Kh8 35. Qxh6+ Qh7 36. Qf8+ Qg8 37. Qh6+ Qh7 38. Qf8+ 1/2-1/2

[Event "16th Dubai Open 2014"]
[Site "Dubai UAE"]
[Date "2014.04.12"]
[Round "6.13"]
[White "Mchedlishvili, Mikheil"]
[Black "Ghosh, Diptayan"]
[Result "1/2-1/2"]
[WhiteElo "2628"]
[BlackElo "2485"]
[PlyCount "111"]
[EventDate "2014.04.07"]

1. d4 d5 2. c4 c6 3. Nc3 Nf6 4. e3 a6 5. Nf3 b5 6. c5 g6 7. Ne5 Bg7 8. Be2 O-O
9. O-O Nfd7 10. f4 Nxe5 11. fxe5 f6 12. exf6 exf6 13. e4 b4 14. Na4 dxe4 15.
Qb3+ Kh8 16. Bf4 a5 17. Nb6 Ba6 18. Bxa6 Rxa6 19. Bxb8 Rxb6 20. Bd6 Re8 21.
cxb6 Qxd6 22. Qc4 f5 23. Rfd1 e3 24. Kh1 Rb8 25. Qc5 Qxc5 26. dxc5 Bxb2 27.
Rab1 Bc3 28. Rd7 Re8 29. g3 e2 30. b7 e1=Q+ 31. Rxe1 Rxe1+ 32. Kg2 Re8 33. Rc7
Be5 34. Rxc6 Rb8 35. Re6 Rxb7 36. Rxe5 a4 37. c6 Rc7 38. Rc5 Kg7 39. h4 Kf6 40.
Rc4 b3 41. Rxa4 bxa2 42. Rxa2 Rxc6 43. Ra7 h6 44. Ra3 g5 45. hxg5+ hxg5 46. Ra2
Kg6 47. Rb2 Kh5 48. Ra2 Rc4 49. Rb2 Kg4 50. Ra2 Rc3 51. Ra4+ f4 52. gxf4 gxf4
53. Ra2 Rg3+ 54. Kf2 Rh3 55. Kg1 f3 56. Ra8 1/2-1/2

[Event "16th Dubai Open 2014"]
[Site "Dubai UAE"]
[Date "2014.04.12"]
[Round "6.14"]
[White "Lalith, Babu M.R"]
[Black "Petrosian, Tigran L"]
[Result "0-1"]
[WhiteElo "2594"]
[BlackElo "2627"]
[PlyCount "112"]
[EventDate "2014.04.07"]

1. d4 d5 2. Nf3 Nf6 3. c4 c6 4. Nc3 dxc4 5. a4 Bf5 6. Ne5 Nbd7 7. Nxc4 Nb6 8.
Ne3 Bg6 9. a5 Nbd5 10. Qb3 e6 11. Nexd5 Nxd5 12. e4 Nxc3 13. bxc3 Bxe4 14. f3
Bd5 15. c4 Bxf3 16. gxf3 Qxd4 17. Ra2 Bc5 18. Rd2 Qh4+ 19. Kd1 O-O 20. Bd3 Rad8
21. Kc2 Be3 22. Rg2 Bxc1 23. Rxc1 Rd4 24. Qxb7 Rfd8 25. Rd1 g6 26. Rgd2 Rxd3
27. Rxd3 Qxc4+ 28. Kb2 Rxd3 29. Rxd3 Qxd3 30. Qxa7 Qe2+ 31. Ka3 Qxf3+ 32. Ka4
Qd1+ 33. Ka3 Qa1+ 34. Kb3 e5 35. a6 Kg7 36. Qb7 c5 37. Kc2 Qa4+ 38. Kc3 Qd4+
39. Kc2 c4 40. Qf3 c3 41. Qe2 h5 42. h4 Kh7 43. Qd3 Qb4 44. Qxc3 Qxh4 45. Qa5
Qf2+ 46. Kd3 Qa7 47. Qb5 Qd4+ 48. Ke2 e4 49. Qb7 Qd3+ 50. Ke1 Qe3+ 51. Kf1 Qf4+
52. Ke2 Qf3+ 53. Ke1 h4 54. a7 h3 55. Qb8 e3 56. Qh2 Qg2 0-1

[Event "16th Dubai Open 2014"]
[Site "Dubai UAE"]
[Date "2014.04.12"]
[Round "6.15"]
[White "Volkov, Sergey"]
[Black "Georgiadis, Nico"]
[Result "1/2-1/2"]
[WhiteElo "2600"]
[BlackElo "2421"]
[PlyCount "89"]
[EventDate "2014.04.07"]

1. d4 d5 2. c4 e6 3. Nc3 Bb4 4. e3 Nf6 5. a3 Bxc3+ 6. bxc3 O-O 7. cxd5 Qxd5 8.
c4 Qd8 9. Nf3 b6 10. Bd3 Bb7 11. O-O c5 12. Bb2 Nbd7 13. Re1 cxd4 14. exd4 Qc7
15. Ne5 Nxe5 16. Rxe5 Rfd8 17. Qe2 h6 18. Re1 Qc6 19. f4 a6 20. a4 Rac8 21. a5
bxa5 22. f5 exf5 23. Bxf5 Qxc4 24. Bxc8 Qxc8 25. Rc1 Qb8 26. d5 Bxd5 27. Re3
Qb6 28. Kh1 Ne4 29. Ba1 Re8 30. Re1 a4 31. Qf3 a3 32. h3 a2 33. Qf4 Re6 34. Kh2
Qd6 35. Qxd6 Nxd6 36. Rxe6 Bxe6 37. Rd1 Ne4 38. Rd3 Nc5 39. Ra3 g5 40. Be5 Kh7
41. g4 Kg6 42. Ra5 Nd3 43. Bc3 Nf4 44. Rxa6 h5 45. Ba1 1/2-1/2

[Event "16th Dubai Open 2014"]
[Site "Dubai UAE"]
[Date "2014.04.12"]
[Round "6.16"]
[White "Pourramezanali, Amirreza"]
[Black "Brkic, Ante"]
[Result "0-1"]
[WhiteElo "2435"]
[BlackElo "2568"]
[PlyCount "124"]
[EventDate "2014.04.07"]

1. e4 e5 2. Nf3 Nc6 3. Bc4 Bc5 4. c3 Nf6 5. d3 a6 6. Nbd2 d6 7. Bb3 O-O 8. h3
Be6 9. Nf1 d5 10. Qe2 Na5 11. Bxd5 Bxd5 12. exd5 Nxd5 13. Ng3 Re8 14. Qc2 Nc6
15. O-O Qd7 16. Bd2 Rad8 17. Rad1 f6 18. b4 Bf8 19. a4 b5 20. Rfe1 Qf7 21. Ne4
Rd7 22. axb5 axb5 23. Qb1 Red8 24. c4 bxc4 25. b5 Nd4 26. Nxd4 exd4 27. dxc4
Nb6 28. c5 Nc4 29. c6 Rd5 30. Qb3 Nxd2 31. Nxd2 Rb8 32. Rb1 Rdxb5 33. Qxb5 Rxb5
34. Rxb5 Qa2 35. Nf3 d3 36. Rb8 Kf7 37. Rd1 Qc2 38. Rd2 Qc1+ 39. Kh2 Bd6+ 40.
g3 Qxc6 41. Rxd3 Qe4 42. Rbb3 g5 43. Re3 Qc2 44. Kg2 Qc6 45. Rec3 Qa8 46. g4
Kg6 47. h4 Qe4 48. hxg5 Qxg4+ 49. Kf1 fxg5 50. Re3 h5 51. Rb8 Qc4+ 52. Kg2 Qd5
53. Kf1 g4 54. Ne1 Bc5 55. Ree8 Qf5 56. Rg8+ Kf7 57. f3 Qf4 58. Rgd8 Qh2 59.
Nd3 g3 60. Rd7+ Be7 61. Rb2 Qh1+ 62. Ke2 g2 0-1

[Event "16th Dubai Open 2014"]
[Site "Dubai UAE"]
[Date "2014.04.12"]
[Round "6.17"]
[White "Raes, Abdul Kader"]
[Black "Kostenko, Petr"]
[Result "1/2-1/2"]
[WhiteElo "2248"]
[BlackElo "2506"]
[PlyCount "106"]
[EventDate "2014.04.07"]

1. e4 c5 2. Nf3 e6 3. d4 cxd4 4. Nxd4 a6 5. Bd3 Bc5 6. Nb3 Be7 7. O-O d6 8. c4
Nf6 9. Nc3 b6 10. Be3 O-O 11. f4 Nbd7 12. Qf3 Bb7 13. a4 Rb8 14. Rad1 Ba8 15.
Qh3 e5 16. f5 Nc5 17. Nxc5 bxc5 18. Rf2 Rb4 19. Rb1 Rb3 20. Qf3 Nd7 21. Bc2 Rb4
22. b3 Bg5 23. Rd1 Rb6 24. Bxg5 Qxg5 25. a5 Rc6 26. Rfd2 Qe7 27. Nd5 Qd8 28. f6
Nxf6 29. Nxf6+ gxf6 30. Rf2 Qxa5 31. Qg3+ Kh8 32. Qh4 Qd8 33. Rxf6 Bb7 34. Qh6
Qe7 35. Rdf1 Rc7 36. Rxd6 Rg8 37. Rf5 Bc8 38. Rh5 Rg7 39. Qd2 f6 40. Qd5 Rg8
41. Bd1 Bb7 42. Qe6 Qxe6 43. Rxe6 Bxe4 44. Rxf6 Rxg2+ 45. Kf1 Rd7 46. Bf3 Bxf3
47. Rxf3 Rb2 48. Rxe5 Rxh2 49. Kg1 Rb2 50. Rxc5 Rd1+ 51. Rf1 Rdd2 52. Rg5 Rd8
53. Rg3 Rb8 1/2-1/2

[Event "16th Dubai Open 2014"]
[Site "Dubai UAE"]
[Date "2014.04.12"]
[Round "6.18"]
[White "Jumabayev, Rinat"]
[Black "Melia, Salome"]
[Result "1-0"]
[WhiteElo "2580"]
[BlackElo "2459"]
[PlyCount "61"]
[EventDate "2014.04.07"]

1. Nf3 Nf6 2. g3 d5 3. Bg2 e6 4. O-O Be7 5. d3 b6 6. Nbd2 Bb7 7. e4 O-O 8. e5
Nfd7 9. Re1 Re8 10. Nf1 f5 11. exf6 Bxf6 12. Ne3 e5 13. Nd2 Nc5 14. Nb3 Nba6
15. Ng4 Qd6 16. h4 Rf8 17. d4 Ne4 18. f3 exd4 19. Bf4 Qd8 20. fxe4 Bxh4 21.
Nxd4 Rxf4 22. gxf4 Bxe1 23. Qxe1 dxe4 24. Rd1 Qe7 25. Ne5 Rd8 26. Nf5 Qc5+ 27.
Kh2 Rf8 28. Qg3 Rxf5 29. Qb3+ Bd5 30. Rxd5 Rh5+ 31. Kg3 1-0

[Event "16th Dubai Open 2014"]
[Site "Dubai UAE"]
[Date "2014.04.12"]
[Round "6.19"]
[White "Amin, Bassem"]
[Black "Isaev, Jamshed"]
[Result "1-0"]
[WhiteElo "2637"]
[BlackElo "2331"]
[PlyCount "105"]
[EventDate "2014.04.07"]

1. Nf3 Nf6 2. g3 d5 3. Bg2 Bf5 4. d3 c6 5. O-O h6 6. Nbd2 e6 7. b3 Be7 8. Bb2
O-O 9. Qe1 Bh7 10. e4 a5 11. a4 Na6 12. Qe2 Nb4 13. e5 Nd7 14. Ne1 b5 15. c3
Na6 16. axb5 cxb5 17. d4 Nc7 18. f4 Nb6 19. Nd3 a4 20. b4 Nc4 21. Bc1 Rc8 22.
Nf3 Kh8 23. g4 Na6 24. Kh1 Nb6 25. Nc5 Nc7 26. Bh3 Be4 27. Bg2 Bxc5 28. dxc5
Nc4 29. Nd4 Bxg2+ 30. Qxg2 f6 31. exf6 Qxf6 32. Rf3 e5 33. g5 hxg5 34. fxe5
Qxe5 35. Bxg5 Rce8 36. Rg1 Rxf3 37. Nxf3 Qxc3 38. Qg4 a3 39. Bf4 Qf6 40. Bxc7
Rf8 41. Ne5 a2 42. Qe2 Ra8 43. Qh5+ Kg8 44. Nd7 Qd4 45. Nf6+ Qxf6 46. Qxd5+ Kh7
47. Qxa8 Nd2 48. Bd6 Qd4 49. Bf8 g5 50. Qa7+ Kg6 51. Qg7+ Qxg7 52. Bxg7 Kxg7
53. Ra1 1-0

[Event "16th Dubai Open 2014"]
[Site "Dubai UAE"]
[Date "2014.04.12"]
[Round "6.20"]
[White "Stojanovic, Mihajlo"]
[Black "Deshpande, Aniruddha"]
[Result "1-0"]
[WhiteElo "2568"]
[BlackElo "2287"]
[PlyCount "51"]
[EventDate "2014.04.07"]

1. d4 d5 2. c4 c6 3. cxd5 cxd5 4. Nc3 Nf6 5. Bg5 Nc6 6. Bxf6 exf6 7. e3 Bb4 8.
Rc1 O-O 9. Bd3 Be6 10. Nge2 Rc8 11. O-O Bd6 12. Na4 Nb4 13. Rxc8 Qxc8 14. Bb1
Bf5 15. Bxf5 Qxf5 16. Nac3 Rd8 17. Qb3 Qd7 18. h3 Bf8 19. Nf4 g5 20. Nh5 Qc6
21. a3 Na6 22. Nxd5 Rd6 23. Ndxf6+ Rxf6 24. Nxf6+ Qxf6 25. Qxb7 Qd6 26. Rc1 1-0

[Event "16th Dubai Open 2014"]
[Site "Dubai UAE"]
[Date "2014.04.12"]
[Round "6.21"]
[White "Jankovic, Alojzije"]
[Black "Mohannad, Farhan"]
[Result "1-0"]
[WhiteElo "2554"]
[BlackElo "2313"]
[PlyCount "80"]
[EventDate "2014.04.07"]

1. d4 Nf6 2. c4 g6 3. Nc3 Bg7 4. e4 d6 5. Nf3 O-O 6. Be2 e5 7. O-O Nc6 8. d5
Ne7 9. Kh1 Ne8 10. Ne1 f5 11. exf5 Nxf5 12. Nf3 Nf6 13. Ng5 Nd4 14. Bd3 Ng4 15.
f3 Nh6 16. Nge4 Rf5 17. Be3 Bd7 18. c5 Qf8 19. cxd6 cxd6 20. Ng5 Rf4 21. g3
Ndf5 22. Bg1 Rb4 23. Qd2 Nd4 24. f4 Qc8 25. Nce4 Rb6 26. Rac1 Qd8 27. b3 Nhf5
28. g4 Nh6 29. h3 Rc8 30. Bc4 Nxg4 31. hxg4 h6 32. fxe5 dxe5 33. Ne6 Qh4+ 34.
Bh2 Rxe6 35. dxe6 Bc6 36. Bd5 Bxd5 37. Rxc8+ Kh7 38. Qg2 Nxe6 39. Ng5+ Nxg5 40.
Qxd5 Qxg4 1-0

[Event "16th Dubai Open 2014"]
[Site "Dubai UAE"]
[Date "2014.04.12"]
[Round "6.22"]
[White "Abhishek, Kelkar"]
[Black "Mastrovasilis, Athanasios"]
[Result "1-0"]
[WhiteElo "2300"]
[BlackElo "2535"]
[PlyCount "113"]
[EventDate "2014.04.07"]

1. d4 Nf6 2. c4 e6 3. Nc3 Bb4 4. Nf3 b6 5. Qb3 Qe7 6. Bf4 Bxc3+ 7. bxc3 d6 8.
e3 O-O 9. Be2 Bb7 10. O-O Ne4 11. h3 Nd7 12. Qc2 f5 13. Nd2 e5 14. Bh2 Nxd2 15.
Qxd2 Rae8 16. Qd1 Kh8 17. Re1 Nf6 18. Bf1 g5 19. Rb1 g4 20. hxg4 Nxg4 21. Bg3
Qg5 22. dxe5 dxe5 23. Rb2 Nf6 24. Rb5 c5 25. Qd6 Ne4 26. Bxe5+ Kg8 27. Bf4 Qh4
28. Bg3 Nxd6 29. Bxh4 Nxb5 30. cxb5 f4 31. Rd1 fxe3 32. fxe3 Rxe3 33. Rd7 Rxc3
34. Rxb7 Rc1 35. Bf2 c4 36. g3 c3 37. Kg2 Rc2 38. Bc4+ Kh8 39. Rxh7+ Kxh7 40.
Bd3+ Kg8 41. Bxc2 Kf7 42. g4 Ke6 43. g5 Kd5 44. g6 Kc4 45. g7 Rc8 46. Bb3+ Kd3
47. g8=Q Rxg8+ 48. Bxg8 c2 49. Bh7+ Kd2 50. Bh4 c1=Q 51. Bg5+ Kd1 52. Bxc1 Kxc1
53. Kf3 Kb2 54. Ke4 Kxa2 55. Kd5 Kb3 56. Bd3 Kb4 57. Kc6 1-0

[Event "16th Dubai Open 2014"]
[Site "Dubai UAE"]
[Date "2014.04.12"]
[Round "6.23"]
[White "Dizdar, Goran"]
[Black "Gameel, Mohamed"]
[Result "1-0"]
[WhiteElo "2513"]
[BlackElo "2216"]
[PlyCount "65"]
[EventDate "2014.04.07"]

1. Nf3 Nf6 2. c4 e6 3. g3 b6 4. Bg2 Bb7 5. O-O c5 6. Nc3 Be7 7. b3 O-O 8. Bb2
d5 9. e3 Nc6 10. cxd5 exd5 11. d4 cxd4 12. Nxd4 Qd7 13. Nce2 Rfd8 14. Nf4 Nxd4
15. Qxd4 Qd6 16. Rfd1 Bf8 17. Rac1 Rd7 18. Qa4 Rad8 19. e4 Qe7 20. Qxa7 dxe4
21. Rxd7 Rxd7 22. Qxb6 Nd5 23. Nxd5 Bxd5 24. Bd4 Rb7 25. Qa5 Qe6 26. Qd8 Rd7
27. Qb8 Rb7 28. Qc8 f5 29. Bf1 Kf7 30. Ba6 Qxc8 31. Rxc8 Rd7 32. Bb5 Bc6 33.
Rxf8+ 1-0

[Event "16th Dubai Open 2014"]
[Site "Dubai UAE"]
[Date "2014.04.12"]
[Round "6.24"]
[White "Cicak, Slavko"]
[Black "Al-Hadarani, Hatim"]
[Result "1-0"]
[WhiteElo "2507"]
[BlackElo "2249"]
[PlyCount "59"]
[EventDate "2014.04.07"]

1. e4 c6 2. d4 g6 3. c3 Bg7 4. Nf3 d5 5. Nbd2 Nh6 6. Bd3 O-O 7. O-O Nd7 8. Re1
dxe4 9. Nxe4 Nf6 10. Ng3 e6 11. Bg5 Kh8 12. Ne4 Nhg8 13. Ne5 h6 14. Bh4 g5 15.
Nxg5 hxg5 16. Bxg5 Bh6 17. Qc1 Ng4 18. Bxh6 N4xh6 19. Re3 f5 20. Rg3 Kh7 21.
Qf4 Qf6 22. Re1 Ne7 23. Rh3 Qg7 24. Ng4 Neg8 25. Ree3 Rf6 26. Nxf6+ Nxf6 27.
Reg3 Qf8 28. Qg5 Nfg8 29. Qg6+ Kh8 30. Rxh6+ 1-0

[Event "16th Dubai Open 2014"]
[Site "Dubai UAE"]
[Date "2014.04.12"]
[Round "6.25"]
[White "Carlsson, Pontus"]
[Black "Ivana Maria, Furtado"]
[Result "1-0"]
[WhiteElo "2486"]
[BlackElo "2204"]
[PlyCount "99"]
[EventDate "2014.04.07"]

1. e4 e6 2. d4 d5 3. Nd2 c5 4. Ngf3 cxd4 5. exd5 Qxd5 6. Bc4 Qd6 7. Bb3 Nf6 8.
Nc4 Qd8 9. Qxd4 Qxd4 10. Nxd4 Bd7 11. Bf4 Bc5 12. O-O-O O-O 13. Ne5 Be8 14.
Rhe1 Nbd7 15. f3 Nb6 16. g4 Rd8 17. Be3 Ba4 18. Nf5 Bxe3+ 19. Nxe3 Bxb3 20.
axb3 Nfd5 21. N3c4 Nd7 22. Na5 Nxe5 23. Rxe5 Rd7 24. Re4 b6 25. Nc6 Rc7 26. Nd4
a6 27. h3 Rfc8 28. Rd2 Rc5 29. f4 Nxf4 30. b4 Rc4 31. b3 R4c7 32. Rxf4 e5 33.
Re4 exd4 34. Rexd4 g6 35. Rd8+ Kg7 36. Rxc8 Rxc8 37. Rd6 Rc3 38. Rxb6 Rxh3 39.
Rxa6 h5 40. gxh5 Rxh5 41. c4 g5 42. Kd2 g4 43. b5 g3 44. Ke3 f5 45. Kf3 f4 46.
Ra2 Kf6 47. Kxf4 Rh2 48. Ra6+ Ke7 49. Kxg3 Rb2 50. Kf4 1-0

[Event "16th Dubai Open 2014"]
[Site "Dubai UAE"]
[Date "2014.04.12"]
[Round "6.26"]
[White "Demuth, Adrien"]
[Black "Khalafova, Narmin"]
[Result "1-0"]
[WhiteElo "2482"]
[BlackElo "2160"]
[PlyCount "77"]
[EventDate "2014.04.07"]

1. Nf3 Nf6 2. g3 g6 3. b3 Bg7 4. Bb2 O-O 5. Bg2 c5 6. c4 d5 7. cxd5 Nxd5 8.
Bxg7 Kxg7 9. O-O Na6 10. Qc2 f6 11. d3 e5 12. a3 Be6 13. Nbd2 Rc8 14. Qb2 Qc7
15. Rac1 Qb8 16. Rfd1 b6 17. e3 Ne7 18. d4 exd4 19. exd4 Nf5 20. Re1 Bg8 21.
Bh3 Rcd8 22. Bxf5 gxf5 23. Nf1 f4 24. Re4 fxg3 25. Nxg3 Kh8 26. Rce1 Bd5 27.
Re7 Qf4 28. Qc2 f5 29. Ne5 cxd4 30. Qe2 Qg5 31. Qxa6 f4 32. Qd3 Bg8 33. Nf3 Qd5
34. R1e5 Qxb3 35. Rxh7+ Bxh7 36. Qxb3 fxg3 37. hxg3 Rd7 38. Ng5 Bg8 39. Qd3 1-0

[Event "16th Dubai Open 2014"]
[Site "Dubai UAE"]
[Date "2014.04.12"]
[Round "6.27"]
[White "Grover, Sahaj"]
[Black "Derakhshani, Dorsa"]
[Result "1-0"]
[WhiteElo "2475"]
[BlackElo "2154"]
[PlyCount "57"]
[EventDate "2014.04.07"]

1. e4 e5 2. Nf3 Nc6 3. Nc3 Nf6 4. d4 exd4 5. Nxd4 Bb4 6. Nxc6 bxc6 7. Bd3 d5 8.
exd5 cxd5 9. O-O O-O 10. h3 c6 11. Qf3 Rb8 12. Ne2 Bd6 13. Nd4 Bc7 14. Bf4 Rb6
15. Nb3 Rb4 16. Bg3 Ne4 17. Bxc7 Qxc7 18. c3 Ra4 19. Rfe1 Ng5 20. Qe3 h6 21.
Qe7 Qf4 22. Nc5 Bxh3 23. Re3 Qg4 24. Rg3 Qh4 25. Rxg5 Rg4 26. Rxg7+ Kxg7 27.
Ne6+ Kh8 28. Qxh4 Rxh4 29. Nxf8 1-0

[Event "16th Dubai Open 2014"]
[Site "Dubai UAE"]
[Date "2014.04.12"]
[Round "6.28"]
[White "Tabatabaei, M.amin"]
[Black "Vakhidov, Jahongir"]
[Result "1-0"]
[WhiteElo "2298"]
[BlackElo "2472"]
[PlyCount "49"]
[EventDate "2014.04.07"]

1. e4 c5 2. Nf3 Nc6 3. Bb5 g6 4. Bxc6 dxc6 5. d3 Bg7 6. h3 b6 7. Nc3 e5 8. Be3
f6 9. Qd2 a5 10. O-O h5 11. Nh2 g5 12. h4 g4 13. f4 exf4 14. Bxf4 Ne7 15. e5
O-O 16. exf6 Bxf6 17. Bg5 Nf5 18. Bxf6 Qxf6 19. g3 Be6 20. Rae1 Bd5 21. Nxd5
cxd5 22. c3 d4 23. c4 Qg7 24. Qg2 Kh8 25. Rxf5 1-0

[Event "16th Dubai Open 2014"]
[Site "Dubai UAE"]
[Date "2014.04.12"]
[Round "6.29"]
[White "Khademalsharieh, Sarasadat"]
[Black "Das, Sayantan"]
[Result "1/2-1/2"]
[WhiteElo "2292"]
[BlackElo "2371"]
[PlyCount "105"]
[EventDate "2014.04.07"]

1. d4 Nf6 2. Nf3 d5 3. c4 e6 4. Nc3 c6 5. e3 Nbd7 6. Qc2 Bd6 7. Be2 dxc4 8.
Bxc4 O-O 9. O-O b5 10. Be2 Bb7 11. Rd1 Qc7 12. e4 e5 13. Bg5 Rfe8 14. Rac1 Rac8
15. Qb1 Qb8 16. dxe5 Nxe5 17. Bxf6 Nxf3+ 18. Bxf3 gxf6 19. g3 Be5 20. b4 Rcd8
21. Qc2 Rxd1+ 22. Nxd1 Qd6 23. a3 a5 24. Rb1 Bd4 25. Qd2 axb4 26. axb4 c5 27.
Nc3 Bc6 28. bxc5 Bxc5 29. Qxd6 Bxd6 30. Nxb5 Rb8 31. Nc3 Rxb1+ 32. Nxb1 Bb4 33.
Kf1 f5 34. Ke2 fxe4 35. Bg4 Kg7 36. Nd2 Kg6 37. Nb3 Bc3 38. Ke3 f5 39. Be2 Bd5
40. Nd2 Kf6 41. Bb5 Bb4 42. Nc4 Bc5+ 43. Ke2 Bf7 44. Ne3 Bh5+ 45. Kf1 Ke5 46.
Bd7 f4 47. Ng4+ Kd6 48. gxf4 Kxd7 49. Nf6+ Ke6 50. Nxh5 Kf5 51. Kg2 Ba3 52. Kg3
Bb2 53. h3 1/2-1/2

[Event "16th Dubai Open 2014"]
[Site "Dubai UAE"]
[Date "2014.04.12"]
[Round "6.30"]
[White "Nezad, Husein Aziz"]
[Black "Mayed, Al-Rashedi"]
[Result "1-0"]
[WhiteElo "2366"]
[BlackElo "1838"]
[PlyCount "47"]
[EventDate "2014.04.07"]

1. d4 Nf6 2. c4 e6 3. Nf3 b6 4. g3 Ba6 5. b3 b5 6. cxb5 Bxb5 7. Bg2 d5 8. Nc3
Ba6 9. O-O Nbd7 10. Bb2 c5 11. Rc1 Rc8 12. Re1 Bb7 13. e3 Be7 14. dxc5 Nxc5 15.
Re2 O-O 16. Rec2 Qa5 17. Qd4 Na6 18. Qxa7 Rc7 19. Na4 Rfc8 20. Bc3 Qb5 21. Bf1
Bc5 22. Qxa6 Bxa6 23. Bxb5 Bxe3 24. Bxa6 1-0

[Event "16th Dubai Open 2014"]
[Site "Dubai UAE"]
[Date "2014.04.12"]
[Round "6.31"]
[White "Karthik, V.   AP."]
[Black "Ekdyshman, Mikhail"]
[Result "1-0"]
[WhiteElo "2250"]
[BlackElo "2365"]
[PlyCount "163"]
[EventDate "2014.04.07"]

1. e4 e5 2. Nf3 Nc6 3. Bb5 Bc5 4. c3 Qf6 5. O-O Nge7 6. d4 exd4 7. Bg5 Qg6 8.
Bd3 Ne5 9. Nxe5 Qxg5 10. Nf3 Qh6 11. cxd4 Bb6 12. Nc3 O-O 13. Na4 d5 14. Qc2
dxe4 15. Bxe4 c6 16. Nxb6 axb6 17. Rfe1 Be6 18. a3 Rfd8 19. Rad1 Nd5 20. Ne5
Nf6 21. Bf5 Bd5 22. Re3 g6 23. Bd3 Qf4 24. Bc4 Ng4 25. Nxg4 Qxg4 26. Bxd5 Rxd5
27. h3 Qg5 28. Qb3 b5 29. Qc3 Qf6 30. Re5 Rad8 31. Rxd5 Rxd5 32. b4 h5 33. Qe3
Kh7 34. Qe8 Rd8 35. Qe4 Rd5 36. Rd3 Kg7 37. Qe3 Rd7 38. Kh2 Re7 39. Qd2 Qd6+
40. Kg1 Qd5 41. Qc3 Re4 42. Rd1 Re8 43. Rc1 Rd8 44. Rd1 Qc4 45. Qe3 Qd5 46. Qc3
Ra8 47. Re1 Rd8 48. Re7 b6 49. Rc7 Rd6 50. Qe3 Qe6 51. Qxe6 Rxe6 52. Rb7 Kf6
53. Rxb6 Ke7 54. Rb7+ Kd6 55. Rxf7 Re1+ 56. Kh2 Kd5 57. Rd7+ Kc4 58. Rd6 Kb3
59. Rxg6 Kxa3 60. Rxc6 Kxb4 61. d5 Rd1 62. d6 Ka3 63. Ra6+ Kb3 64. f4 Kc4 65.
f5 Kd5 66. g4 hxg4 67. hxg4 Ke5 68. Kg3 Rd3+ 69. Kh4 Rxd6 70. Ra5 Kf4 71. Kh5
Rb6 72. Ra1 b4 73. Rf1+ Ke5 74. g5 b3 75. f6 b2 76. f7 Rb8 77. g6 Ke6 78. g7
Rb5+ 79. Kg6 b1=Q+ 80. Rxb1 Rxb1 81. f8=Q Rg1+ 82. Kh7 1-0

[Event "16th Dubai Open 2014"]
[Site "Dubai UAE"]
[Date "2014.04.12"]
[Round "6.32"]
[White "Tabada, Jobannie C"]
[Black "Ahmadinia, Ebrahim"]
[Result "0-1"]
[WhiteElo "2210"]
[BlackElo "2353"]
[PlyCount "106"]
[EventDate "2014.04.07"]

1. e4 g6 2. d4 d6 3. Nc3 Bg7 4. f4 a6 5. a3 b5 6. Nf3 Nd7 7. Be2 Bb7 8. O-O c5
9. Kh1 cxd4 10. Nxd4 Ngf6 11. Bf3 O-O 12. Nb3 Rc8 13. Qe1 e5 14. Bd2 Re8 15.
Rd1 Qe7 16. Qf2 Rc7 17. Rfe1 h6 18. Bc1 Rec8 19. Re2 Qf8 20. g3 Ba8 21. Qg2 Nb6
22. Nd2 Nfd7 23. Nf1 Nc4 24. Nd5 Bxd5 25. Rxd5 exf4 26. gxf4 Ndb6 27. Rd1 Bxb2
28. Bxb2 Nxb2 29. Rde1 N2c4 30. e5 dxe5 31. fxe5 Rc5 32. Ng3 Re8 33. Ne4 Rexe5
34. Nxc5 Qxc5 35. Qg3 Nd7 36. Bg2 Rxe2 37. Rxe2 Nde5 38. h3 a5 39. Qf4 Kg7 40.
Re1 Qxa3 41. Qd4 Qg3 42. Rb1 Ne3 43. Qe4 b4 44. Ra1 N5c4 45. Rg1 Qf2 46. Qd4+
Qf6 47. Qe4 a4 48. Qb7 Qd6 49. Qb5 a3 50. Qa4 Nf5 51. Re1 Nce3 52. Qa7 Qd2 53.
Rg1 Ng3+ 0-1

[Event "16th Dubai Open 2014"]
[Site "Dubai UAE"]
[Date "2014.04.12"]
[Round "6.33"]
[White "Makropoulou, Marina"]
[Black "Saduakassova, Dinara"]
[Result "1/2-1/2"]
[WhiteElo "2201"]
[BlackElo "2342"]
[PlyCount "65"]
[EventDate "2014.04.07"]

1. e4 e5 2. Nf3 Nc6 3. Bb5 a6 4. Ba4 Nf6 5. O-O Be7 6. Re1 b5 7. Bb3 O-O 8. h3
d6 9. c3 Nb8 10. d4 Nbd7 11. c4 c6 12. a3 bxc4 13. Bxc4 Nxe4 14. Rxe4 d5 15.
Re1 dxc4 16. Nxe5 Nxe5 17. dxe5 Qxd1 18. Rxd1 Rb8 19. Nc3 Bf5 20. Rd4 Be6 21.
Na4 c5 22. Rd1 Bf5 23. Be3 Bc2 24. Rd7 Bxa4 25. Rxe7 Rxb2 26. Rc1 Bb3 27. Bxc5
Re2 28. Ra7 Rd8 29. Be3 h6 30. Rxa6 Rd5 31. Ra8+ Kh7 32. a4 Ra2 33. Bf4 1/2-1/2

[Event "16th Dubai Open 2014"]
[Site "Dubai UAE"]
[Date "2014.04.12"]
[Round "6.34"]
[White "Kanter, Eduard"]
[Black "Nimmy, A.G."]
[Result "1-0"]
[WhiteElo "2406"]
[BlackElo "2116"]
[PlyCount "111"]
[EventDate "2014.04.07"]

1. d4 d5 2. c4 c6 3. Nf3 Nf6 4. Nc3 dxc4 5. a4 Bf5 6. Nh4 Bg4 7. h3 Bh5 8. g4
Bg6 9. Nxg6 hxg6 10. e3 e6 11. Bxc4 Bb4 12. Qf3 Nbd7 13. Kf1 Qa5 14. Bd2 O-O-O
15. Kg2 Kb8 16. Rhd1 Ka8 17. Bf1 Nb8 18. Be1 Rd7 19. Kg1 Rhd8 20. Bg2 e5 21.
dxe5 Qxe5 22. Rxd7 Rxd7 23. Rd1 a5 24. Qe2 g5 25. Rxd7 Nfxd7 26. Qc4 f6 27. Qe4
Qxe4 28. Bxe4 Nb6 29. b3 N8d7 30. Kf1 Nc5 31. Bc2 Kb8 32. Ke2 Kc7 33. f3 Kd7
34. f4 gxf4 35. exf4 Ne6 36. Bf5 Ke7 37. Bxe6 Kxe6 38. f5+ Ke7 39. Kd3 Nd7 40.
Bg3 Bxc3 41. Kxc3 Nb6 42. Kd4 Nd5 43. h4 b6 44. g5 Kd7 45. g6 Ke7 46. h5 Kd7
47. Ke4 Ke7 48. Bf2 Nc3+ 49. Kf4 Nd5+ 50. Kg4 b5 51. Bc5+ Ke8 52. h6 gxh6 53.
Kh5 bxa4 54. bxa4 Nc3 55. Kxh6 Ne4 56. g7 1-0